[Event "Surabaya Zindgani Cup op"]
[Site "Surabaya"]
[Date "2018.11.08"]
[Round "2"]
[White "Lahay, Kasmen"]
[Black "Masduki, J."]
[Result "1-0"]
[WhiteElo "2030"]
[BlackElo "1592"]
[PlyCount "51"]
[EventDate "2018.11.07"]
[EventType "swiss"]
[EventRounds "9"]
[EventCountry "INA"]
[SourceTitle "EXT 2020"]
[Source "ChessBase"]
[SourceDate "2019.10.17"]
[SourceVersion "1"]
[SourceVersionDate "2019.10.17"]
[SourceQuality "1"]

1. e4 e5 2. Nf3 Nc6 3. Bb5 d6 4. d4 exd4 5. Nxd4 Bd7 6. Bxc6 bxc6 7. c4 Be7 8. 0-0 Nf6 9. Nc3 Qc8 10. Qd3 h5 11. f4 Ng4 12. h3 Nh6 13. f5 Bf6 14. Bf4 Rb8 15. b3 a6 16. Rae1 Be5 17. Bxe5 dxe5 18. Nf3 f6 19. Rd1 Ke7 20. Nh4 Rd8 21. Ng6+ Kf7 22. Qe2 Bxf5 23. exf5 Rxd1 24. Nxd1 Qd7 25. Qxh5 Qd4+ 26. Nf2 1-0